000 00928nam a22002177a 4500
003 SISC
005 20180824162644.0
008 180824b xxu||||| |||| 00| 0 eng d
020 _a9781101906996
050 _aGV 707
_b.J37 2016
100 _aJanik, Andrew
245 _aA graphic history of sport :
_ban illustrated chronicle of the greatest wins, misses, and matchups from the games we love /
_cAndrew Janik
260 _aNew York :
_bClarkson Potter/Publishers,
_c[2016].
300 _a109 pages :
_b color illustrations ;
_c20 cm.
500 _aIncludes index.
520 _aA guide to the best moments in sports includes classic matchups, like Clay vs. Liston, backgrounds on such legendary coaches as Tom Landry, and information on great athletes represented with iconic imagery, like Flo Jo's colorful nails.
650 _aSports
_xMiscellanea
650 _aSports
_xHistory
942 _2lcc
_cBK
999 _c358352
_d358352